00570 a2200157 4500040001300000082001100013100002700024245005700051260004500108300002100153500001900174650003100193942002400224999001500248952014900263 aDLCbDLC a297.63 aModudoodi, Abu-ul-Ahla aSeerat Sarvar-e-Alam (Vol. 2)cAbu-ul-Ahla Modudoodi aLahore:bIdara Tarjaman-ul-Quran,c1999. a764 p. ;c24 cm. aIncludes Index aMuhammad (S.A.W.), Prophet cBKk297.63 MOD2ddc c7809d7809 00102ddc4070aNLSbNLScGENd2005-08-20eAcademic Book companyg510.00l2m6o297.63 MODpSEECS006327r2024-05-31s2023-11-13w2017-01-05yBK